Taylor Swift - Paroles seven - Statistiques

Statistiques générales
  • Ce quiz a été pris 224 fois
  • Le résultat moyen est 176 sur 218
Statistiques - réponses
Hint Réponse % Correct
I
100%
you
100%
a
99%
me
98%
Me
98%
And
96%
and
96%
in
96%
In
96%
love
96%
Love
96%
the
96%
The
96%
to
96%
be
95%
your
95%
Your
95%
we
93%
for
92%
is
91%
seven
90%
so
90%
Then
90%
picture
89%
Couplet 1 | Couplet 2 Please
89%
With
89%
with
89%
my
88%
should
87%
think
87%
always
86%
mad
86%
tell
86%
come
85%
dad
85%
like
85%
Moon
85%
at
84%
haunted
84%
house
84%
trees
84%
can
83%
have
83%
why
83%
must
82%
no
82%
Saturn
82%
still
82%
won't
82%
that
81%
cry
80%
got
80%
live
78%
summer
78%
closet
77%
hide
77%
Refrain Sweet
77%
folk
76%
other
76%
face
75%
I've
75%
Our
75%
pirates
74%
songs
74%
was
74%
been
73%
heart
73%
Cross
72%
just
72%
meaning
72%
can't
71%
tea
70%
will
70%
long
69%
recall
68%
under
67%
sky
66%
too
66%
used
66%
But
65%
hit
65%
Or
65%
Over
65%
peak
65%
high
64%
Pennsylvania
64%
jump
63%
on
62%
scared
62%
Are
61%
Cross
61%
though
61%
beautiful
59%
pattern
59%
forever
58%
Passed
58%
passed
58%
scream
58%
Before
57%
lasts
56%
things?
56%
down
55%
there
55%
feet
54%
India
54%
move
54%
civility
51%
learned
51%
wanted
50%
We'll
48%
time
46%
braids
43%
Any
42%
swing
42%
sweater
40%
weeds
40%
creek
37%
Pack
37%
dolls
36%
ferociously
35%
Aucun quiz correspondant
Distribution des résultats
% des personnes avec chaque résultat
Percentile par nombre de réponses
Votre historique - résultats
Vous n’avez pas pris ce quiz